Loading...
| Ancient History and Archaeology | 2 | 10.00 | 0% | 50% | 50% |
| Beliefs | 7 | 15.71 | 43% | 57% | 57% |
| British and Commonwealth History | 3 | 23.33 | 67% | 100% | 67% |
| Current Events | 1 | 30.00 | 100% | 100% | 100% |
| Fine Arts - Auditory | 4 | 10.00 | 50% | 25% | 25% |
| Fine Arts - Visual | 3 | 20.00 | 67% | 100% | 33% |
| Geography | 2 | 15.00 | 100% | 50% | 0% |
| History - American | 4 | 15.00 | 50% | 25% | 75% |
| History - European | 5 | 12.00 | 40% | 20% | 60% |
| History - World | 5 | 6.00 | 40% | 20% | 0% |
| Literature - American | 6 | 15.00 | 50% | 50% | 50% |
| Literature - British | 4 | 17.50 | 50% | 50% | 75% |
| Literature - European | 5 | 10.00 | 20% | 20% | 60% |
| Other Arts: Auditory | 2 | 10.00 | 50% | 50% | 0% |
| Other Arts: Visual | 2 | 10.00 | 50% | 50% | 0% |
| Other Science: Astronomy | 1 | 10.00 | 0% | 100% | 0% |
| Other Science: Math | 1 | 20.00 | 0% | 100% | 100% |
| Philosophy | 4 | 20.00 | 100% | 25% | 75% |
| Science - Biology | 5 | 16.00 | 60% | 80% | 20% |
| Science - Chemistry | 4 | 20.00 | 50% | 75% | 75% |
| Science - Physics | 3 | 13.33 | 0% | 67% | 67% |
| Social Science | 4 | 22.50 | 75% | 50% | 100% |
| World and Other Literature | 7 | 10.00 | 43% | 14% | 43% |